LDR 00764naa#a2200169#i#450# 001 EN\INFRA-M\bibl\103288 005 20260513205615.3 011 ## _a1998-1740 100 ## _a20260430b2026####ek#y0engy0150####ca 102 ## _aRU 200 1# _aAssessing School Students’ Academic Achievement and Education Policy in the Context of Regional Development _eJournal article 210 1# _aMoscow _cINFRA-M Academic Publishing LLC. _d2026 215 ## _a4 с. 608 ## _aJournal article _2local 675 ## _aПолитика в области образования с точки зрения экономики. 37.014.54 _aОбразование. Воспитание. Обучение. Организация досуга. 37 _z 700 #1 _aBoldysheva _gNatal'ya Olegovna 856 4# _anaukaru.ru _u